The shortest lines : variational problems

Saved in:
Bibliographic Details
Main Author: Liusternik, L. A. (Lazarʹ Aronovich), 1899-1981
Format: Book
Language:English
Russian
Published: Moscow : Mir, 1976.
Series:Little mathematics library
Subjects:
Tags: Add Tag
No Tags, Be the first to tag this record!

MARC

LEADER 00000cam a2200000 i 4500
001 1/11456
008 101222s1976 ru | ||| |||| ||eng||
035 |l 10109417 
040 |a GR-MyUA  |b gre  |e AACR2 
041 1 |a eng  |h rus 
082 7 |a 515.64   |2 (22) 
100 1 |a Liusternik, L. A.   |q (Lazarʹ Aronovich),   |d 1899-1981. 
245 1 4 |a The shortest lines :   |b variational problems /   |c L.A. Lyusternik ; translated from Russian by Yuri Ermolyev.  
260 |a Moscow :   |b Mir,   |c 1976.  
300 |a 104 σ. :   |b σχέδια ;   |c 20 εκ.  
490 1 |a (Little mathematics library)  
650 0 0 |a Calculus of variations. 
650 0 0 |a Curves on surfaces. 
830 0 |a Little mathematics library 
852 |a INST  |b SAMOS  |c MAG  |e 20101222  |h 515.64 LIU  |p 005300030568  |q 005300030568  |t BK  |y 0 
901 |a BIBL3-2010-3 
970 |a ΓΟΥΒΑΛΑ  |b ΒΑΣΩ  |z 2010/12/22